Premiers cinq pays par ordre alphabétique par continent - Statistiques

Statistiques générales
  • Ce quiz a été pris 716 fois
  • Le résultat moyen est 23 sur 30
Statistiques - réponses
continent pays % Correct
Océanie Australie
95%
Amérique du Sud Argentine
92%
Europe Albanie
91%
Afrique Algérie
91%
Europe Allemagne
90%
Amérique du Sud Brésil
90%
Europe Andorre
88%
Amérique du Sud Chili
86%
Amérique du Sud Colombie
86%
Asie Arménie
85%
Amérique du Sud Bolivie
85%
Asie Afghanistan
83%
Afrique Angola
83%
Afrique Afrique du Sud
80%
Asie Azerbaïdjan
80%
Europe Belgique
80%
Amérique du Nord Canada
80%
Amérique du Nord Antigua-et-Barbuda
78%
Océanie Fidji
78%
Europe Autriche
75%
Amérique du Nord Bahamas
74%
Amérique du Nord Belize
74%
Afrique Bénin
70%
Amérique du Nord Barbade
69%
Asie Arabie Saoudite
66%
Océanie Micronésie
62%
Océanie Kiribati
61%
Afrique Botswana
60%
Asie Bahreïn
59%
Océanie Îles Marshall
57%
Aucun quiz correspondant
Distribution des résultats
% des personnes avec chaque résultat
Percentile par nombre de réponses
Votre historique - résultats
Vous n’avez pas pris ce quiz